Malaga players (2010-2020) - Statistics

General Stats
  • This quiz has been taken 5 times
  • The average score is 76 of 158
Answer Stats
Rank Player Positions Nationality Matches Goals (assists) Period % Correct
87 Adalberto Peñaranda LW 16 0 (0) 2016-2018
100%
3 Duda LM 153 9 (19) 2010-2017
100%
7 Willy Caballero GK 117 0 (1) 2010-2014
100%
9 Carlos Kameni GK 113 0 (1) 2011-2013, 2014-2017
80%
8 Eliseu LB 116 9 (16) 2010-2014
80%
106 Guillermo Ochoa GK 11 0 (0) 2015-2016
80%
1 Ignacio Camacho DM 177 16 (9) 2010-2017
80%
25 Isco AM 69 14 (5) 2011-2013
80%
34 Pablo Fornals CM 59 7 (3) 2015-2017
80%
4 Recio CM 140 7 (14) 2010-2013, 2014-2019
80%
5 Roberto Rosales RB 136 2 (10) 2014-2018
80%
15 Roque Santa Cruz ST 91 19 (7) 2012-2016
80%
68 Ruud van Nistelrooy ST 28 4 (1) 2011-2012
80%
2 Weligton CB 162 5 (5) 2010-2017
80%
55 Alfred N'Diaye DM 34 5 (0) 2018-2019
60%
30 Antunes LB 62 2 (5) 2012-2015
60%
53 Armando Sadiku ST 36 13 (1) 2019-2020
60%
51 Arthur Boka LB 37 0 (2) 2014-2016
60%
123 Bakary Koné CB 7 0 (0) 2016-2017
60%
95 Brown Ideye ST 13 1 (0) 2017-2018
60%
37 Charles ST 56 15 (4) 2015-2017
60%
72 Diego Llorente CB 25 2 (0) 2016-2017
60%
70 Diego Rolán ST 26 5 (1) 2017-2018
60%
89 Esteban Rolón DM 15 0 (0) 2017-2018, 2019-2020
60%
125 Ezequiel Rescaldani ST 7 0 (0) 2013-2015
60%
18 Federico Ricca CB 80 6 (6) 2015-2019
60%
41 Fernando Tissone DM 45 1 (1) 2013-2016
60%
47 Gustavo Blanco Leschuk ST 39 9 (7) 2018-2019
60%
157 Hachim Mastour AM 1 0 (0) 2015-2016
60%
113 Isaac Success ST 9 0 (1) 2017-2018
60%
45 Jérémy Toulalan DM 44 3 (0) 2011-2013
60%
10 Jesús Gámez RB 112 0 (11) 2010-2014
60%
35 Joaquín RW 57 6 (11) 2011-2013
60%
13 Juankar LB 99 4 (7) 2015-2020
60%
19 Juanmi LW 80 18 (4) 2010-2015
60%
6 Juanpi AM 121 8 (8) 2014-2020
60%
64 Júlio Baptista AM 29 14 (2) 2010-2013
60%
40 Keidi Bare CM 46 1 (1) 2018-2020
60%
90 Luis Alberto AM 15 2 (1) 2014-2015
60%
11 Luis Hernández CB 108 1 (4) 2016-2020
60%
60 Luis Muñoz CM 31 0 (0) 2016-2017, 2019-2020
60%
122 Mamadou Koné ST 8 2 (2) 2018-2019
60%
42 Manuel Iturra DM 45 0 (0) 2012-2013, 2017-2018
60%
31 Marcos Angeleri RB 61 0 (1) 2013-2016
60%
14 Martín Demichelis CB 94 8 (1) 2010-2013, 2016-2017
60%
101 Maxime Lestienne RW 12 0 (1) 2017-2018
60%
32 Miguel Cifuentes CM 60 4 (0) 2017-2020
60%
24 Miguel Torres RB 70 0 (3) 2014-2019
60%
85 Mohamed Benkhemassa DM 19 0 (0) 2019-2020
60%
134 Nabil Baha ST 5 0 (0) 2010-2011
60%
43 Nacho Monreal LB 45 1 (7) 2011-2013
60%
33 Nordin Amrabat RW 59 8 (12) 2013-2016
60%
108 Pablo Pérez CM 11 1 (2) 2013-2014
60%
91 Paul Baysse CB 15 1 (0) 2017-2018
60%
48 Pau Torres CB 38 1 (0) 2018-2019
60%
36 Renato Santos RW 57 2 (7) 2018-2020
60%
56 Roberto GK 34 0 (0) 2017-2018
60%
26 Salomón Rondón ST 67 25 (6) 2010-2012
60%
57 Samu Castillejo RW 34 1 (5) 2014-2015
60%
27 Samu García RW 66 9 (4) 2013-2015, 2017-2018
60%
62 Sandro Ramírez ST 30 14 (5) 2016-2017
60%
49 Santi Cazorla CM 38 9 (6) 2011-2012
60%
17 Sebastián Fernández CF 82 12 (4) 2010-2014
60%
29 Sergi Darder CM 64 6 (3) 2013-2016
60%
16 Sergio Sánchez CB 84 0 (4) 2011-2015
60%
50 Youssef En-Nesyri ST 38 5 (1) 2016-2018
60%
12 Adrián González CM 99 19 (4) 2017-2020
40%
140 Albert Luque LW 3 0 (0) 2010-2011
40%
104 Alberto Bueno CF 11 0 (0) 2017-2018
40%
154 Alberto López LB 1 0 (0) 2017-2018
40%
77 Álex Mula LW 22 0 (0) 2017-2019
40%
155 Álex Robles RB 1 0 (0) 2017-2018
40%
137 Andrés Prieto GK 4 0 (0) 2017-2018
40%
78 Antoñín ST 22 4 (2) 2019-2020
40%
58 Apoño CM 33 3 (5) 2010-2012
40%
69 Badr Boulahroud CM 26 1 (1) 2018-2020
40%
82 Borja Bastón ST 20 2 (0) 2017-2018
40%
156 Cala CM 1 0 (0) 2010-2011
40%
22 Chory Castro LW 71 6 (6) 2015-2018
40%
98 Christian Atsu LW 12 2 (0) 2015-2016
40%
44 Dani Pacheco DM 44 2 (4) 2018-2020
40%
52 David Lombán CB 37 3 (0) 2018-2020
40%
141 Denys Boyko GK 3 0 (0) 2016-2017
40%
84 Diego Buonanotte AM 19 1 (3) 2011-2013
40%
21 Diego González CB 72 1 (0) 2017-2020
40%
105 Diego Lugano CB 11 0 (1) 2012-2013
40%
59 Duje Cop ST 31 7 (3) 2015-2016
40%
119 Edinho ST 8 0 (1) 2010-2011
40%
133 Edu Ramos CM 5 0 (0) 2010-2011
40%
120 Egor Filipenko CB 8 0 (0) 2015-2016
40%
145 Emanuel Cecchini DM 2 0 (0) 2017-2018
40%
46 Enzo Maresca CM 39 4 (2) 2010-2012
40%
111 Fabrice Olinga LW 10 1 (0) 2012-2014
40%
80 Fernando AM 21 2 (0) 2010-2011
40%
112 Francesc Arnau GK 9 0 (0) 2010-2011
40%
23 Francisco Portillo RW 71 5 (9) 2010-2014
40%
138 Galatto GK 4 0 (0) 2010-2011
40%
142 Hélder Rosário CB 3 0 (0) 2010-2011
40%
54 Hicham Boussefiane RW 35 3 (3) 2018-2020
40%
121 Hugo Vallejo LW 8 0 (0) 2018-2020
40%
83 Ignasi Miquel CB 20 0 (1) 2017-2018
40%
143 Ikechukwu Uche ST 3 0 (0) 2015-2016
40%
100 Iván Alejo RW 12 0 (0) 2018-2019
40%
128 Iván González CB 6 0 (0) 2010-2011
40%
144 Iván Jaime AM 3 0 (0) 2019-2020
40%
81 Iván Rodríguez RB 21 0 (1) 2017-2019
40%
73 Jack Harper ST 25 4 (2) 2018-2019
40%
71 Javier Saviola CF 26 8 (3) 2012-2013
40%
96 Javi Guerra ST 13 5 (0) 2014-2015
40%
28 Javi Ontiveros LW 65 6 (6) 2015-2019
40%
63 Jony LW 29 2 (1) 2016-2018
40%
67 Joris Mathijsen CB 28 0 (1) 2011-2012
40%
148 José Manuel Casado LB 2 0 (0) 2013-2014
40%
129 José Rodríguez CM 6 0 (0) 2016-2017
40%
158 Juan Cruz LW 1 0 (0) 2017-2018
40%
130 Juanito DM 6 0 (0) 2010-2011
40%
38 Keko Gontán RW 50 0 (6) 2016-2018, 2019-2020
40%
74 Kris Stadsgaard CB 25 1 (1) 2010-2011
40%
107 Lucas Piazón AM 11 0 (2) 2012-2013
40%
115 Manolo Gaspar RB 9 0 (0) 2010-2011
40%
127 Manu Torres CB 7 0 (0) 2010-2011
40%
65 Mehdi Lacen DM 29 0 (0) 2017-2019
40%
93 Michael Santos ST 14 3 (0) 2016-2017
40%
61 Mikel Villanueva CB 31 1 (1) 2016-2017, 2019-2020
40%
97 Mounir El Hamdaoui ST 13 3 (2) 2013-2014
40%
20 Munir El Kajoui GK 74 0 (0) 2018-2020
40%
151 Oguchi Onyewu CB 2 0 (0) 2012-2013
40%
116 Oleksandr Yakovenko LW 9 1 (0) 2013-2014
40%
86 Patrick Mtiliga LB 19 0 (1) 2010-2011
40%
135 Pawel Kieszek GK 5 0 (0) 2018-2019
40%
79 Pedro Morales AM 22 4 (3) 2012-2014
40%
75 Quincy Owusu-Abeyie LW 25 2 (2) 2010-2011
40%
66 Raúl Albentosa CB 29 2 (0) 2015-2016
40%
39 Ricardo Horta RW 48 1 (1) 2014-2016
40%
152 Roberto Chen CB 2 0 (0) 2013-2014
40%
109 Rubén Martínez GK 11 0 (0) 2010-2012
40%
76 Sandro Silva DM 24 0 (1) 2010-2011
40%
136 Sergio Asenjo GK 5 0 (0) 2010-2011
40%
103 Zdravko Kuzmanovic CM 12 0 (1) 2016-2018
40%
110 Adnane Tighadouini LW 10 1 (0) 2015-2016
20%
117 Bartlomiej Pawlowski AM 8 1 (0) 2013-2014
20%
118 Bobley Anderson AM 8 0 (1) 2013-2014
20%
132 Cristo Romero LB 5 0 (0) 2019-2020
20%
124 Erik Morán CM 7 0 (0) 2018-2019
20%
146 Fábio Espinho AM 2 0 (0) 2015-2016
20%
88 Flávio Ferreira CB 16 0 (0) 2013-2014
20%
147 Gonzalo Crettaz GK 2 0 (0) 2019-2020
20%
126 Héctor Hernández ST 7 0 (0) 2018-2019
20%
99 Ismael Casas RB 12 0 (1) 2019-2020
20%
114 Juande Rivas CB 9 0 (0) 2019-2020
20%
149 Julito Martínez RW 2 0 (0) 2019-2020
20%
150 Kellyan García GK 2 0 (0) 2019-2020
20%
131 Lorenzo Gonzalez ST 6 0 (0) 2019-2020
20%
139 Ramón Enríquez CM 4 0 (0) 2019-2020
20%
153 Sead Haksabanovic LW 2 0 (0) 2018-2019
20%
94 Sergio Buenacasa ST 14 0 (0) 2019-2020
20%
92 Tete Morente LW 15 2 (3) 2019-2020
20%
102 Yevgen Seleznyov ST 12 0 (0) 2018-2019
20%
No matching quizzes found
Score Distribution
Percent of People with Each Score
Percentile by Number Answered
Your Score History
You have not taken this quiz